Mzdy - výpočet, zdaňovanie a účtovanie v podvojnom účtovníctve
Mzdová problematika z pohľadu definície mzdy, minimálnych mzdových nárokov, mzdových zvýhodnení, výpočtu priemerného zárobku na pracovnoprávne účely, náhrady príjmu pri dočasnej pracovnej neschopnosti, zrážok zo mzdy, platenia poistného na sociálne a verejné zdravotné poistenie, zdaňovania miezd, ic...
Salvato in:
| Autore principale: | |
|---|---|
| Natura: | Capitolo di libro |
| Lingua: | slovacco |
| Soggetti: | |
| Tags: |
Nessun Tag, puoi essere il primo ad aggiungerne!!
|
MARC
| LEADER | 00000naa$a2200000$$$4500 | ||
|---|---|---|---|
| 001 | 0055766 | ||
| 005 | 20231109091807.9 | ||
| 041 | 0 | |a slo | |
| 044 | |a SK | ||
| 245 | 1 | 0 | |a Mzdy - výpočet, zdaňovanie a účtovanie v podvojnom účtovníctve |c Eva Gášpárová |
| 520 | |a Mzdová problematika z pohľadu definície mzdy, minimálnych mzdových nárokov, mzdových zvýhodnení, výpočtu priemerného zárobku na pracovnoprávne účely, náhrady príjmu pri dočasnej pracovnej neschopnosti, zrážok zo mzdy, platenia poistného na sociálne a verejné zdravotné poistenie, zdaňovania miezd, ich evidencie a účtovania v podvojnom účtovníctve. Podrobné praktické spracovanie mesačného výpočtu miezd. | ||
| 610 | 2 | 0 | |a mzdy čisté |
| 610 | 2 | 0 | |a mzdy mesačné |
| 610 | 2 | 0 | |a mzdy minimálne |
| 610 | 2 | 0 | |a mzdy priemerné |
| 610 | 2 | 0 | |a náhrada mzdy |
| 610 | 2 | 0 | |a zrážky zo mzdy |
| 610 | 2 | 0 | |a poistné |
| 610 | 2 | 0 | |a preddavky |
| 610 | 2 | 0 | |a základ vymeriavací |
| 610 | 2 | 0 | |a účtovanie |
| 610 | 2 | 0 | |a účtovníctvo podvojné |
| 100 | 1 | |a Gášpárová, Eva | |